Oeuvres / (Record no. 56590)

MARC details
000 -LEADER
campo de control de longitud fija 00569nam a2200181 i 4500
001 - NÚMERO DE CONTROL
campo de control 56590
003 - IDENTIFICADOR DE NÚMERO DE CONTROL
campo de control ES-MaACL
005 - FECHA Y HORA DE LA ÚLTIMA TRANSACCIÓN
campo de control 20250813014530.0
007 - CAMPO FIJO DE DESCRIPCIÓN FÍSICA--INFORMACIÓN GENERAL
campo de control de longitud fija t|
008 - DATOS DE LONGITUD FIJA--INFORMACIÓN GENERAL
campo de control de longitud fija 031010s1935 fr ||||1| fre d
100 1# - ENTRADA PRINCIPAL--NOMBRE DE PERSONA
Nombre de persona Diderot, Denis,
Fechas asociadas al nombre 1713-1784
9 (RLIN) 44511
245 10 - MENCIÓN DEL TÍTULO
Título Oeuvres /
Mención de responsabilidad, etc. Denis Diderot ; texte établi et annoté par André Billy.
260 ## - PUBLICACIÓN, DISTRIBUCIÓN, ETC.
Lugar de publicación, distribución, etc. [París] :
Nombre del editor, distribuidor, etc. La Pleyade,
Fecha de publicación, distribución, etc. [1935] (
Lugar de fabricación/manufactura Argentenil :
Fabricante Imp. Coulouma)
300 ## - DESCRIPCIÓN FÍSICA
Extensión 1002 p. ;
Dimensiones 18 cm.
700 0# - ENTRADA AGREGADA--NOMBRE PERSONAL
Nombre de persona Billy, André,
Fechas asociadas al nombre 1882-1971
9 (RLIN) 28895
852 ## - LOCALIZACIÓN
Ubicación ES-MaACL
Número de control de estantería A-4248
Holdings
Estatus retirado Estado de pérdida Estado de daño No para préstamo Biblioteca de origen Biblioteca actual Ubicación en estantería Fecha de adquisición Fuente de adquisición Total de préstamos Signatura topográfica completa Código de barras Visto por última vez Precio de reemplazo Tipo de ítem Koha
        Biblioteca del Ateneo de Madrid Biblioteca del Ateneo de Madrid Sala Pecera Planta 1 17/01/2008     A-4248 1059431 23/02/2023 23/02/2023 Libro impreso